All songs from Takanaka's All Of Me - Statistics

General Stats
  • This quiz has been taken 12 times
  • The average score is 8 of 14
Answer Stats
Songs % Correct
Brasilian Skies
75%
Ready to Fly
75%
Sexy Dance
75%
Star Wars Samba
75%
Tokyo Reggy
75%
E. S. P.
63%
Oh! Tengo Suerte
63%
Tropic Birds
63%
Mambo No. 5
50%
I Remember You
38%
Malibu
38%
Sweet Agnes
38%
Akogareno Seychelles Shoto (Seychelles Islands)
13%
Izu Amantsu Nato Uri (Citron Vender)
13%
No matching quizzes found
Score Distribution
Percent of People with Each Score
Percentile by Number Answered
Your Score History
You have not taken this quiz